Statistiken für Grunty's Game Quiz 2

Klicken Sie hier um das Quiz zu spielen!

Allgemein

  • Dieses Quiz wurde 22 mal gespielt
  • Das Durchschnittsergebnis liegt bei 8 aus 24

Antwortstatistiken

Antwort% Korrekt
Among Us
100%
Super Mario Bros
76%
Undertale
62%
Mirrors Edge
57%
Palworld
57%
The Legend of Zelda Majoras Mask
57%
Kingdom Hearts 2
43%
Lego City Undercover
38%
Super Mario Bros Wonder
33%
Super Mario Sunshine
33%
Dave the Diver
29%
Fire Emblem Three Houses
24%
Paper Mario
24%
Professor Layton und die verlorene Zukunft
24%
Xenoblade Chronicles
24%
Splatoon 2
19%
Spongebob Schwammkopf Schlacht um Bikini Bottom Rehydrated
19%
Spyro Reignited Trilogy - Year of the Dragon
19%
Wario World
19%
Mario & Luigi Zusammen durch die Zeit
14%
Sonic Adventure 2
14%
Super Princess Peach
14%
Inscryption
10%
Pseudoregalia
5%

Verteilung der Resultate

Perzentil nach korrekt beantworteten Fragen

Anzahl Personen mit jedem Resultat

Ihre Resultats-Entwicklung

Sie haben dieses Quiz noch nicht gespielt